000 00314nam a22001337a 4500
008 170131b xxu||||| |||| 00| 0 eng d
020 _a9780130493798
041 _aeng
080 _26TH
_a61
100 _a3
101 _aSHMI
245 _aCULTURAL DIVERSITY IN HEALTH ANDI LLNESS
_cSPECTOR, R.E
942 _2udc
_cBK
999 _c4064
_d4064